00569 2200193 4500001002100000005001500021035002000036245011300056100001700169300002600186260004100212082001100253084001700264020002200281600002100303990001700324990001700341990001700358INLIS00000000000108020250729074519 a0010-07250000621 aBidadari Surga Pun Cemburu Kepadamu Pesan-Pesan penting dari rasulullah Saw untuk para wanita /cJoko Waluyo0 aWaluyo, Joko a166 hlm ;c14 X 21 cm aYogyakarta :bChecklist Media,c2024 a297.63 a297.63 WAL b a978-623-8114-39-9 4aPesan Rasulullah a3631/PP/2025 a3632/PP/2025 a3633/PP/2025